000
00319nam a2200109Ia 4500
008
171211s9999 xx 000 0 und d
245
_a
Culture and System in Family Therapy
245
_c
Inga-Britt Krause
260
_c
2001
650
_x
Family and Friendship
856
_u
http://down.ebook777.com/035/9781855752788.pdf
999
_c
350239
_d
350239